000
00323nam a22001457a 4500
008
210302b ||||| |||| 00| 0 eng d
020
_a
9780073101712
041
_a
eng
080
_2
3rd
_a
91
082
_a
91
100
_a
42
101
_a
GJEO
245
_a
Geograpic Information Systems
_c
Chang, K.T
942
_2
udc
_c
BK
999
_c
55464
_d
55464